[Event "ARM-ch"]
[Site "Yerevan"]
[Date "1999.10.19"]
[Round "4"]
[White "Minasian, Artashes"]
[Black "Minasian, Ara"]
[Result "1/2-1/2"]
[WhiteElo "2600"]
[BlackElo "2483"]
[Annotator "Finkel,A"]
[PlyCount "50"]
[EventDate "1999.10.16"]
[EventType "tourn"]
[EventRounds "11"]
[EventCountry "ARM"]
[EventCategory "10"]
[SourceTitle "CBM 074"]
[Source "ChessBase"]
[SourceDate "2000.02.01"]
[SourceVersion "1"]
[SourceVersionDate "2000.02.01"]
[SourceQuality "1"]

1. e4 Nf6 2. e5 Nd5 3. d4 d6 4. c4 Nb6 5. exd6 exd6 6. Nc3 Nc6 7. d5 $5 (7. b3
Be7 8. Be2 Bf6 9. Nf3 Bf5 10. O-O O-O 11. Be3 d5 12. c5 Nc8 13. Qd2 N8e7 14.
Bg5 Bxg5 15. Qxg5 Bg6 $11 {Zitek,A-Garlik,M/CZE-chJM U14 1998/1/2-1/2 (42)}) (
7. Be3 Be7 8. Nf3 (8. Qf3 O-O 9. O-O-O Be6 $5 10. b3 a5 11. a4 d5 12. c5 Nc8 $1
13. Nge2 Bg5 14. Kb2 Nb4 $132 {Chernyshov,K-Zelcic,R/Djakovo 1994}) 8... Bg4 9.
b3 (9. h3 Bh5 10. Rc1 O-O 11. b3 Re8 12. g4 Bh4 $6 {[%cal Gh4e1,Ge8e1]} 13. Qd2
$5 Bg6 14. Bg2 Bf6 15. O-O $14 {Zhang Zhong-Miles,A/Maroczy mem 1997}) 9... O-O
10. Be2 Re8 11. O-O Bf6 12. h3 Bf5 13. Qd2 Bg6 14. a4 a5 15. Rac1 Nb4 $132 {
Hendriks,R-De Waal,M/Computerij op 1998}) (7. Nf3 Bf5 (7... Bg4 8. Be2 Be7 9.
d5 $5 Bxf3 10. Bxf3 Ne5 11. Be2 O-O 12. b3 Bf6 13. Bb2 a5 14. O-O $14 {Emms,
J-Baburin,A/Monarch Assurance, Port Erin ENG 1997/1/2-1/2 (41)}) 8. Be3 Be7 9.
Rc1 Bf6 10. Be2 O-O 11. O-O Re8 12. Re1 Qd7 13. b3 $14 {Meier,U-Schmidt,A/
Klinge-U17 1993 (21)}) (7. Be2 Be7 8. h3 O-O 9. Nf3 Bf5 10. O-O Re8 11. a3 Bf6
12. Re1 Na5 13. b3 c5 14. Be3 d5 $13 {Benjamin,J-Wohl,A/Saintly Cup 1999}) 7...
Ne5 8. f4 (8. b3 Bf5 9. Nf3 Nbd7 10. Be2 Be7 11. O-O O-O 12. Nd4 $16 {Houskova,
M-Karhanec,P/Policka op 1997}) 8... Ned7 9. Qd4 $5 Be7 $1 $13 ({Not so bad also
} 9... Qf6 $5 10. Qxf6 (10. Be3 Be7 11. Nb5 Bd8 12. Qxf6 Nxf6 13. Bd3 O-O 14.
Nf3 Re8 15. Kd2 Bg4 $132) 10... Nxf6 11. Nb5 Kd8 12. Bd3 Bd7 13. Nd4 g6 14.
Ngf3 Bg7 15. O-O Re8 $13 {with unclear position,but the move in the game is
stronger.}) 10. Qxg7 Bf6 11. Qg4 ({Also after} 11. Qh6 Qe7+ $1 12. Kd1 (12. Be2
Nxc4 13. Nf3 Ne3 $36) 12... Bxc3 13. bxc3 Nc5 14. Qg7 Rf8 15. Nf3 Bf5 $44 {
[%csl Rd1][%cal Ge7e4] black has more than sufficient counterplay for the pawn.
}) 11... Bxc3+ 12. bxc3 Qf6 13. Bd2 (13. Qf3 Nc5 14. Ba3 Bf5 15. Bxc5 dxc5 16.
Qe3+ Kd8 $36 {[%csl Rc3,Rc4,Re1][%cal Gh8e8]}) 13... Nc5 14. Qg5 $5 Qxg5 15.
fxg5 Bf5 $44 {White has to play very carefully not to find himself in troubles.
} 16. O-O-O (16. Nf3 Nd3+ 17. Bxd3 Bxd3 {[%csl Rc4,Rd5]} 18. c5 $8 Nxd5 (18...
dxc5 $6 19. Ne5 Ba6 20. O-O-O Nxd5 $6 21. Rhe1 $14) 19. cxd6 cxd6 20. Kf2 Kd7
21. Rhe1 Rhe8 $11) 16... Nd3+ 17. Bxd3 Bxd3 18. c5 $8 {Accurate move,letting
white to reach an equality.} Nxd5 (18... dxc5 19. Bf4 (19. Nh3 $6 O-O-O {
[%csl Rd5]} (19... Nxd5 20. Rhe1+ Kd7 21. Nf4 Nxf4 22. Bxf4 c4 23. Re4 b5 $15)
20. Nf4 Be4 21. Be3 Nxd5 22. Nxd5 Bxd5 23. Bxc5 Bxg2 $15) 19... c4 20. Bxc7
Nxd5 21. Be5 O-O 22. Nf3 $13) 19. cxd6 cxd6 20. Nh3 (20. Nf3 O-O 21. Rhe1 Rac8
22. Kb2 Nb6 23. Bf4 $13) 20... Rc8 21. Nf4 Nxf4 22. Bxf4 Rxc3+ 23. Kb2 (23. Kd2
Rc4 24. Bxd6 Be4 25. Rc1 Rxc1 26. Rxc1 Kd7 27. Be5 $11) 23... Rc2+ 24. Kb3 Rf2
25. Rxd3 Rxf4 1/2-1/2

[Event "Asia-ch 4th"]
[Site "Doha"]
[Date "2003.02.24"]
[Round "3"]
[White "Neelotpal, Das"]
[Black "Torre, Eugenio"]
[Result "0-1"]
[WhiteElo "2406"]
[BlackElo "2519"]
[Annotator "Finkel,A"]
[PlyCount "64"]
[EventDate "2003.02.22"]
[EventType "swiss"]
[EventRounds "9"]
[EventCountry "QAT"]
[SourceTitle "CBM 094"]
[Source "ChessBase"]
[SourceDate "2003.05.26"]
[SourceVersion "1"]
[SourceVersionDate "2003.05.26"]
[SourceQuality "1"]

1. e4 Nf6 2. e5 Nd5 3. d4 d6 4. c4 Nb6 5. exd6 exd6 6. Nc3 Be7 7. Qf3 {Very
sharp continuation, promising black very good counterchanses.} O-O (7... Qd7 $5
8. Be3 Na4 $6 9. Nd5 O-O 10. b3 Nb6 11. Nxe7+ Qxe7 12. Bd3 $14 {Saltaev,
M-Marinkovic,I/Ikaria op 1994/1/2-1/2 (72)}) 8. Be3 (8. Bd3 $5 c6 (8... Nc6 9.
Nge2 Nb4 10. Bb1 Re8 (10... Nxc4 11. a3 Nc6 12. Qd3 $18 {[%cal Gd3c4,Gd3h7]})
11. a3 Nc6 12. O-O $14) 9. Nge2 d5 10. c5 N6d7 11. Bc2 $5 Re8 (11... b6 $2 12.
Nxd5 $1 {[%csl Ra8]} cxd5 13. Qxd5 Nc6 14. Qxc6 Rb8 15. Qf3 $16) 12. g4 Nf8 13.
h4 b6 (13... Bxh4 $5 14. Qh3 g5 15. Be3 $44) 14. Be3 bxc5 15. O-O-O $1 $36 {
Berg,E-De Firmian,N/Malmo 2001/CBM 84}) 8... c6 $5 {Black has tried many
different moves in this position, but in my opinion the one played in the game
is the best!} (8... Bg5 9. Bd3 (9. O-O-O Nc6 $6 10. h4 (10. Bd3 Nb4 11. b3
Nxd3+ 12. Rxd3 Qf6 13. Bxg5 Qxg5+ 14. Re3 Qg4 $11 {Popescu,D-Jiroveanu,G/
ROM-chT 1996/1/2-1/2 (45)}) 10... Bxe3+ 11. fxe3 Nd7 $6 12. g4 Re8 13. g5 Nf8
14. Nh3 Qd7 15. Nf4 $16 {Zimmermann,F-Goeke,B/OLO-C 1995 (27)}) 9... Bxe3 10.
fxe3 Nc6 11. b3 (11. Nge2 $6 Nb4) 11... Qh4+ 12. g3 Qh6 {[%csl Re3]} 13. Nge2
Re8 14. Kf2 $14 {Alonso,S-Malbran,G/Buenos Aires 1998/CBM 65}) (8... Nc6 9.
O-O-O Be6 (9... Re8 10. Nh3 Nd7 11. Nf4 Nf6 12. h3 Bf8 13. g4 $14 {Iglesias,
J-Serrano Aspa,P/Barcelona 2000/EXT 2001}) (9... Bg5 10. Nh3 Bxe3+ 11. fxe3 Be6
12. c5 Nd7 13. cxd6 cxd6 14. Nf4 Qa5 15. Nxe6 fxe6 16. Qh3 $14 {Blauert,
J-Hetey,L/Dortmund 1995/CBM 48 ext}) 10. c5 $5 (10. b3 Qc8 11. h3 a5 {1/2-1/2
Seul,G-Horvath,J/Budapest FS10 GM 1995}) 10... Nc4 (10... Nc8 11. d5 Ne5 12.
Qe4 Bg4 13. f3 Bh5 14. h4 f5 15. Qb4 $13 {Goeke,B-Peter,F/Hessenliga 9596 1996
(41)}) (10... Nd7 $6 11. d5 Nce5 12. Qe2 Bf5 13. h3 Nf6 14. g4 Bc8 15. g5 $36 {
Sandu,M-Grunberg,S/ROM-chT 1996 (33)}) 11. Bf4 Qc8 (11... Bf6 $2 12. d5 N4e5
13. Qe2 Ng6 14. Be3 Bxc3 15. bxc3 Qf6 16. dxe6 $18 {Leyva,R-Medina,M/CUB-ch
1993 (22)}) 12. Qg3 N6a5 13. b3 $6 Na3 14. cxd6 $6 cxd6 15. Kb2 b5 $40 {
[%csl Rb2] Buenermann,V-Waechtler,F/NRW-II 1994 (33)}) 9. O-O-O (9. Bd3 d5 10.
c5 $6 (10. cxd5 Nxd5 11. Nge2 Be6 12. O-O Nd7 13. Ng3 g6 14. h3 N7b6 $13 {
Galyas,M-Bagirov,R/EU-chJM U18 1996 (27)}) 10... Nc4 11. Bc1 b6 12. b3 Na5 13.
cxb6 axb6 14. Bb2 Ba6 $15 {Grosar,K-Raspor,G/Portoroz 1996 (40)}) 9... d5 10.
c5 N6d7 11. g4 $6 {It seems that white is an attacking side here, but it's
just an illusion, so better was to complete development of the pieces before
starting pawn's strom on the kingside.} (11. Bd3 Na6 $6 (11... b6 12. cxb6 axb6
13. h4 Nf6 14. Bf5 $6 b5 15. Bxc8 Qxc8 16. h5 b4 17. Nb1 c5 $36 {Christensen,
S-Peralta,F/Copenhagen 2002}) 12. Nge2 b6 13. cxb6 axb6 14. g4 Re8 15. h4 Nf8
16. g5 $40 {Chernyshov,K-Raudive,A/Decin 1996}) 11... Nf6 (11... b6 12. cxb6
axb6 13. Bd3 b5 14. a3 Na6 15. Nge2 b4 16. axb4 Nxb4 17. Bb1 Re8 $15 {Lakos,
N-Zhukova,N/Yerevan 1996}) 12. h3 b6 13. cxb6 axb6 14. Bd3 b5 15. g5 $6 {
Helping black knight to come to more active position.} (15. a3 Nbd7 16. Nge2
Nb6 17. Ng3 Nc4 18. g5 Ne8 19. h4 Qa5 20. Bxc4 bxc4 21. Bf4 Ra7 $36 {
Makropoulou,M-Sedina,E/Yerevan 1996}) 15... Ne8 16. Bb1 (16. Kb1 b4 17. Nce2
Qa5 18. Nc1 b3 19. a3 Bxa3 20. Nxb3 Qb6 21. Bc2 Be7 $17 {[%cal Gb8a6,Ga6b4]})
16... Nd6 17. h4 Nc4 18. Nh3 $2 {Careless move leading to material losses.} (
18. Bf4 Qa5 19. Nce2 Na6 20. h5 $15) 18... Qa5 $1 $19 {Suddenly white king is
in a grave danger since Ba3! is threatened.} 19. Rd2 {Sad move to make, but
other moves aren't any better.} (19. Bf4 Ba3 $1 20. bxa3 Qxa3+ 21. Kc2 Qb2+ 22.
Kd3 Bf5+ $19) (19. Rd3 Na6 20. Bf4 b4 21. Ne2 Bf5 $19) 19... b4 20. Ne2 b3 21.
axb3 Nxd2 22. Bxd2 Qc7 23. Nhf4 Ra1 24. Nh5 Qd7 $1 {[%cal Gd7f5] Intending to
trade the queens on f5 or g4.} 25. Neg3 g6 26. Nf6+ Bxf6 27. Qxf6 (27. gxf6 Qg4
28. Qxg4 Bxg4 29. Bb4 Re8 30. Be7 Nd7 31. Kd2) 27... Qe6 28. Re1 Qxf6 29. gxf6
Ba6 {[%cal Ga6d3]} 30. Kc2 Nd7 31. Bg5 c5 32. Re7 cxd4 $1 0-1

[Event "USA-ch"]
[Site "Seattle"]
[Date "2003.01.12"]
[Round "4"]
[White "Lapshun, Yury"]
[Black "Shabalov, Alexander"]
[Result "0-1"]
[WhiteElo "2419"]
[BlackElo "2613"]
[Annotator "Finkel,A"]
[PlyCount "138"]
[EventDate "2003.01.09"]
[EventType "swiss"]
[EventRounds "9"]
[EventCountry "USA"]
[SourceTitle "CBM 093"]
[Source "ChessBase"]
[SourceDate "2003.04.01"]
[SourceVersion "1"]
[SourceVersionDate "2003.04.01"]
[SourceQuality "1"]

1. e4 Nf6 2. e5 Nd5 3. c4 Nb6 4. d4 d6 5. f4 {I don't think this move is
dangerous for black. Mainly due to the variation played in this game, because
if black prefers to refrain from c5 white may get clearly better chances.} dxe5
6. fxe5 c5 $5 7. d5 e6 8. Nc3 exd5 9. cxd5 c4 10. Nf3 Bb4 11. Bxc4 Bxc3+ {
Following his own game against Minasian!} (11... O-O $6 12. Bb3 a5 $6 (12...
Qc7 13. Qd3 Bg4 14. O-O Bxf3 15. Rxf3 Qxe5 16. Bc2 $40 {1-0 Frank,T-Kuehn,N/
Germany 1993/EXT 97-B (44)}) 13. a3 Bxc3+ 14. bxc3 a4 15. Ba2 Bg4 16. O-O Ra5
17. c4 $16 {Cmiel,T-Vogler,T/Germany 1986}) (11... Qc7 $6 12. Bb3 Bxc3+ 13.
bxc3 Qxc3+ 14. Bd2 Qd3 15. Rc1 $36 {Heidl,G-Schoppmeyer,M/Germany 1989}) (11...
Nxc4 $6 12. Qa4+ Nd7 13. Qxb4 Ncxe5 14. Nxe5 Nxe5 15. O-O Qe7 16. Qxe7+ Kxe7
17. Re1 Kf6 18. Be3 $16 {Wolf,S-Kuehn,N/Germany 1993}) 12. bxc3 Nxc4 13. Qa4+
Nd7 14. Qxc4 Nb6 15. Qb5+ {There is no doubt that this check is white's only
chance to fight for opening advantage.} (15. Qd4 Qxd5 16. Ba3 Be6 17. Qh4 Qd8
18. Qb4 Qc7 19. Rd1 Nd5 {1/2-1/2 Reichel,E-Enigl,K/Austria 1994/TD (19)}) 15...
Qd7 16. Qxd7+ (16. Qe2 $6 Qxd5 17. O-O O-O 18. Ba3 Re8 19. Rad1 Qc4 20. Qc2 Qg4
21. Rd4 Qg6 22. Qf2 Be6 $15 {Rigo,J-Burgess,G/Aarhus 1990}) (16. Nd4 Nxd5 17.
c4 Nc7 18. Qxd7+ Bxd7 19. O-O Be6 20. Nf5 O-O 21. Ba3 Rfd8 22. Ne7+ Kh8 23. Bd6
Rd7 $11 {Welz,P-Hagenstein,F/Berlin 1993}) 16... Bxd7 17. e6 $6 {It's not so
easy to explain this move giving up a pawn. White had to try} (17. d6 $5 {
and to wait for black's improvement!} Rc8 18. Be3 (18. Bd2 Nc4 19. O-O Nxd2 20.
Nxd2 O-O 21. Rf3 Rc5 22. Re3 Rfc8 23. Rc1 b5 $44 {[%csl Rc3,Re5] Durao,
J-Bagirov,V/Kusadasi 1990}) 18... Rxc3 19. Bxb6 axb6 20. Kd2 Rc5 21. Rhb1 b5
22. a4 $1 $14 {Minasian,A-Shabalov,A/Minsk 1990}) 17... fxe6 18. dxe6 Bxe6 $15
{Of course white should hold this position since black's advantage is minimal
and definitly not enough for a win, but it's very unpleasent for white to find
himself in the position where he plays only for 2 results!} 19. O-O O-O 20. Be3
Nd5 21. Bd4 Nf4 {[%cal Gf4e2]} 22. Rfe1 (22. Rf2 Bc4 23. Re1 Nd3 24. Re7 Rf7
25. Rxf7 Bxf7 26. Re2 $11) 22... Bc4 23. Bc5 $6 {Losing a thread. White
shouldn't be afraid to give up his bishop for the knight.} (23. a3 Ne2+ 24. Kf2
Nxd4 25. cxd4 Rf7 26. Re5 $11) 23... Rf6 24. Re3 b6 25. Ba3 $6 {It wasn't too
late to come back to d4 with defendable position. After the move in the game
white is in troubles.} (25. Bd4) 25... h6 26. Be7 Rg6 $1 27. Nh4 (27. g3 Nd5
28. Ree1 Rc8 29. Ne5 Re6 30. Nxc4 Rxe1+ 31. Rxe1 Rxc4 $17 {[%csl Rc3]}) 27...
Re6 28. Rxe6 Bxe6 $17 {[%csl Ra2,Rc3][%cal Gf4d5,Ga8c8] It proves impossible
to defend weaknesses on c3 and a2.} 29. Re1 Bxa2 30. Bd6 Ne6 31. Nf5 a5 32. Ba3
Rd8 33. Nd6 a4 34. Rd1 Bb3 35. Rd2 Rd7 36. h3 Nc5 37. Rd4 Re7 38. Kf2 Re5 39.
Bb4 Bc2 $1 {[%cal Gc5d3] Taking advantage of the fact that white pieces are
busy stopping black passer over the a-file black finds a way to disturb white
on the kingside.} 40. Nc4 Re6 41. Rd8+ Kh7 42. Bxc5 (42. Nxb6 $2 Ne4+ 43. Ke3
Rxb6 $19) 42... bxc5 43. Ra8 Bd1 44. Rd8 $6 ({Better chances of survival would
leave} 44. Ne3 Bb3 45. Ra7 Kg6 $19 {even though black's advantage should be
enough for win here as well.}) 44... Bb3 45. Na3 {[%csl Ra3] Now white knight
is just too passive on a3.} h5 46. h4 Kg6 47. Rc8 Re5 48. Rc7 Kf6 49. Nb5 Rd5
50. Ke3 Bc2 51. Kf4 Rf5+ 52. Ke3 Re5+ 53. Kf3 Be4+ 54. Kg3 Bd3 $19 55. Na3 Re3+
56. Kf4 Re4+ 57. Kf3 (57. Kg3 Rg4+ 58. Kh3 Bf1 $19) 57... Rxh4 58. Rxc5 Be4+
59. Kf2 Rh2 60. Kf1 Rxg2 61. Rxh5 Ra2 62. Nb5 a3 63. Nd4 Rb2 64. Ra5 a2 65.
Ra6+ Kg5 66. Ra5+ Kg4 67. Nb3 Rxb3 68. Rxa2 Rxc3 69. Ra5 g5 0-1

[Event "EU-Cup 19th"]
[Site "Rethymno"]
[Date "2003.10.01"]
[Round "4.1"]
[White "Cicak, Slavko"]
[Black "Solozhenkin, Evgeniy"]
[Result "1-0"]
[WhiteElo "2530"]
[BlackElo "2523"]
[Annotator "Finkel,A"]
[PlyCount "73"]
[EventDate "2003.09.28"]
[EventType "team-swiss"]
[EventRounds "7"]
[EventCountry "GRE"]
[SourceTitle "CBM 098"]
[Source "ChessBase"]
[SourceDate "2004.02.03"]
[SourceVersion "1"]
[SourceVersionDate "2004.02.03"]
[SourceQuality "1"]
[WhiteTeam "Trinec"]
[BlackTeam "Jyvaskyla JyS"]
[WhiteTeamCountry "CZE"]
[BlackTeamCountry "FIN"]

1. e4 Nf6 2. e5 Nd5 3. c4 Nb6 4. d4 d6 5. exd6 exd6 6. Nc3 Be7 7. Bd3 O-O 8.
Nge2 Nc6 9. O-O {This line leads to the positions where white's advantage is
minimal, but very stable.} (9. h3 Nb4 10. Bb1 a5 11. a3 Nc6 12. b3 f5 13. O-O
Kh8 14. d5 Ne5 15. a4 Nbd7 16. f4 $14 {Ardeleanu,A-Cosma,I/ROM-ch 1992}) 9...
Bf6 (9... Nb4 10. Bb1 a5 11. b3 Re8 12. Be3 a4 13. Nxa4 Nxa4 14. bxa4 Nc6 15.
Nc3 Na5 16. Bd3 c6 17. Qc2 $16 {Kaminski,M-Baburin,A/Biel 1995}) 10. b3 (10.
Be3) 10... Bg4 11. Be3 Re8 (11... Bxd4 12. Bxh7+ Kxh7 13. Qd3+ $1 Kg8 14. Nxd4
Ne5 15. Qd2 Re8 16. f3 $16 {Zavarsky,J-Galvanek,L/Slovakia 2000}) 12. Qd2 (12.
h3 Bxe2 13. Nxe2 d5 14. c5 Nd7 15. Qd2 Nf8 16. b4 a6 17. b5 axb5 18. Bxb5 Ra3
$132 {Kaminski,M-Miroshnichenko,E/Vienna 1995}) (12. Qc2 g6 13. a3 Bg7 14. h3
Bxe2 15. Nxe2 d5 16. c5 Nd7 17. b4 a6 18. Qb3 Nf6 19. a4 Qd7 20. b5 $14 {
Wojcieszyn,Z-Pasteiner,J/Zakopane 2000}) 12... Bh5 $6 (12... Nb4 13. Bb1 Bxe2
14. Nxe2 c5 15. a3 Nc6 16. Ra2 Qe7 17. h3 g6 (17... cxd4 {Finkel,A} 18. Nxd4
Nxd4 19. Bxd4 Bxd4 20. Qxd4 Rad8 21. Rd2 $14) 18. d5 $14 {Naiditsch-Timman,2002
}) (12... Ne7 $6 13. Ne4 Nf5 14. Nxf6+ Qxf6 15. Bg5 Qe6 16. f3 $18) (12... d5
$5) 13. Nf4 Bg6 14. Nxg6 hxg6 15. Be4 $1 $16 {[%csl Rb6,Rc6,Gd5] Depriving
black possibility to play d5, which is black's only chnace for active
counterplay.} Rb8 {[%cal Gc6e7]} 16. g4 $1 Nb4 $6 (16... d5 17. Bxd5 Nxd5 18.
Nxd5 Bxd4 19. Bxd4 Nxd4 20. Qxd4 c6 21. Rad1 cxd5 22. Qxd5 $16) (16... Qd7 $5)
17. Bg2 Na6 18. Rad1 c6 (18... c5 19. dxc5 dxc5 20. Qxd8 Rexd8 21. Ne4 Be7 22.
Bf4 $18) 19. g5 Be7 20. f4 {[%csl Rf7][%cal Gf4f5] White can afford himself
such a straight forward play because black pieces on the queenside are just
too far from the "action".} d5 21. c5 Nd7 22. f5 Nf8 23. Rf3 gxf5 24. Rxf5 g6
25. Rf3 Ne6 26. h4 Rf8 (26... Bf8 27. Rdf1 Re7 28. Bh3 Nac7 29. Bg4 $16 {
[%cal Gh4h5]}) 27. Bh3 Nac7 28. Rdf1 b6 29. cxb6 axb6 30. Qf2 c5 $2 {A blunder
permitting white to win on the spot.} (30... Qe8) 31. Rxf7 $1 cxd4 $6 (31...
Qd6 $8 {[%csl Rg6]}) 32. Qc2 $18 Rxf7 33. Qxg6+ Rg7 34. Bxe6+ Nxe6 35. Qxe6+
Kh8 36. Bxd4 Bc5 37. Qh6+ 1-0

[Event "Julian Borowski-B 4th"]
[Site "Essen"]
[Date "2002.05.23"]
[Round "7"]
[White "Naiditsch, Arkadij"]
[Black "Feygin, Michael"]
[Result "0-1"]
[WhiteElo "2557"]
[BlackElo "2475"]
[Annotator "Finkel,A"]
[PlyCount "92"]
[EventDate "2002.05.16"]
[EventType "tourn"]
[EventRounds "9"]
[EventCountry "GER"]
[EventCategory "16"]
[SourceTitle "CBM 090"]
[Source "ChessBase"]
[SourceDate "2002.09.20"]
[SourceVersion "1"]
[SourceVersionDate "2002.09.20"]
[SourceQuality "1"]

1. e4 Nf6 2. e5 Nd5 3. d4 d6 4. c4 Nb6 5. exd6 cxd6 6. Nc3 g6 7. Be3 Bg7 8. Rc1
{This variation is quite unpleasent for black because it's not so easy for him
to find active counterplay.} Nc6 9. d5 Ne5 10. Be2 (10. f4 $5 Ng4 11. Bd4 Nf6
12. Nf3 O-O 13. Be2 e6 $1 14. dxe6 Bxe6 15. b3 Nc8 $5 {Akopian,V-Minasian,A/
Yerevan 1995}) 10... O-O 11. b3 Re8 (11... h5 12. f4 Ng4 13. Bd4 Bh6 14. Nh3 e5
15. dxe6 fxe6 $2 16. Bxg4 hxg4 17. Qxg4 $16 {Howell,J-Trifunovic,A/Hastings
1995}) (11... f5 12. f4 Ng4 (12... Ned7 13. Nf3 Nf6 14. Nd4 $16 {Weinzette,
E-Posch,W/Loosdorf/1993}) 13. Bd4 e5 14. dxe6 Bxe6 15. Nf3 Re8 16. Bxg7 Kxg7
17. O-O $14 {Howell,J-Panchenko,A/Hamburg 1995}) 12. f4 Ned7 13. Nf3 Nf6 $1 {
This move is more accurate than} (13... e5 $6 14. dxe6 Rxe6 15. Qd2 Nf6 16. O-O
Qe8 17. Bd4 Bd7 18. Bd3 Re7 19. f5 $1 $16 {and white is clearly better; Sasu
Ducsoara,A-Dey,J/Fuerth 1998}) 14. O-O e6 15. dxe6 Bxe6 16. Qd2 (16. Bd4 d5 17.
c5 Nbd7 18. b4 a5 19. a3 axb4 20. axb4 $14) 16... d5 17. c5 Nbd7 18. b4 a5 19.
b5 $2 {[%csl Rc5] Weakening the pawn on c5.} (19. a3) 19... Rc8 20. Na4 Ne4 21.
Qd1 d4 $13 {Black is not interested in taking risks after} (21... Ndxc5 $5 22.
Nxc5 Qb6 23. Ne5 Nxc5 24. Qd4 Bf8 $15) 22. Bxd4 (22. Nxd4) 22... Bxd4+ 23. Nxd4
(23. Qxd4 Ndxc5 24. Nxc5 Nxc5 25. Qxd8 Rexd8 26. a3 $11) 23... Ndxc5 24. Nxe6
Qxd1 25. Bxd1 Nxe6 {Arising endgame is about equal, but white tries too hard
to get winning chances and...loses this position in just a few moves.} 26. Bf3
$6 Rxc1 27. Rxc1 Nxf4 $15 28. b6 $6 (28. Re1 f5 (28... Nf6 29. Rxe8+ Nxe8 30.
Bxb7 $16) 29. Nc5 b6 $1 30. Nxe4 Kg7 $15 {[%csl Rb5]}) 28... Nd2 $1 29. Rd1 (
29. Bxb7 Ne2+ $19) 29... Nxf3+ 30. gxf3 Re7 $1 {Now black is just a pawn up.}
31. Nc5 (31. Rd8+ Kg7 32. Ra8 Re1+ 33. Kf2 Nd3+ 34. Kg2 Re2+ 35. Kg3 Rxa2 $19)
31... Kg7 32. a4 $1 h5 33. h4 (33. Kf1 $5) 33... f6 34. Ne4 $6 {It was
necessary to play} (34. Nb3 $1 Ne2+ 35. Kg2 Nc3 36. Rd4 Re2+ 37. Kh3 (37. Kf1
Rb2 38. Nxa5 Rxb6 39. Rd7+ Kh6 40. Rxb7 Ra6) 37... Rb2 38. Nxa5 Rxb6 39. Rd7+
Kh6 40. Rxb7 Rxb7 (40... Ra6 41. Nc4 Rxa4 42. Nd6 $11) 41. Nxb7 Nxa4 $15) 34...
f5 35. Nc5 g5 $1 36. hxg5 Kg6 37. Rd7 $6 Rxd7 38. Nxd7 Nd3 $1 $19 {Cutting off
the white knight.} 39. Kf1 (39. f4 Nxf4 40. Nc5 Nd5 41. Nxb7 Nxb6 42. Nxa5 Nxa4
$19) 39... Kxg5 40. Ke2 h4 41. Kf1 Kg6 $5 {[%csl Rd7]} 42. Kg2 (42. Ke2 Kf7 43.
Kxd3 h3 44. Ne5+ Kg7 $19) 42... Kf7 43. Nb8 Nc5 44. Kh3 Ke7 45. Kxh4 Kd6 46.
Kg5 Nxa4 {[%csl Rb8]} 0-1

[Event "Reykjavik zt 1.3"]
[Site "Reykjavik"]
[Date "2000.09.05"]
[Round "1.1"]
[White "Salmensuu, Olli"]
[Black "Gretarsson, Helgi Ass"]
[Result "1-0"]
[WhiteElo "2458"]
[BlackElo "2563"]
[Annotator "Finkel,A"]
[PlyCount "51"]
[EventDate "2000.09.05"]
[EventType "k.o."]
[EventRounds "3"]
[EventCountry "ISL"]
[SourceTitle "CBM 079"]
[Source "ChessBase"]
[SourceDate "2000.11.21"]
[SourceVersion "1"]
[SourceVersionDate "2000.11.21"]
[SourceQuality "1"]

1. e4 Nf6 2. e5 Nd5 3. d4 d6 4. c4 Nb6 5. exd6 exd6 6. Nc3 Be7 7. Be3 O-O 8.
Nf3 Bg4 9. h3 (9. Be2 Nc6 10. b3 d5 11. c5 Nc8 12. O-O Bf6 13. h3 Be6 14. Nh2
Be7 15. b4 b6 $13 {Brettschneider,S-Hetey,L/DLM 1995}) (9. d5 Bf6 10. Rc1 N8d7
11. b3 Re8 12. Be2 Bxf3 13. gxf3 a5 $132 {Jakupovic,N-Peralta,F/WJun 1999})
9... Bh5 (9... Bxf3 10. Qxf3 Nc6 11. c5 dxc5 12. dxc5 Ne5 13. Qe4 Nbd7 14.
O-O-O Qe8 $132 {Velicka,P-Sergeev,V/Stary Smokovec 1996}) 10. g4 $5 {This very
interesting and, on my opinion, promising plan,however rare guest in
tournament practice.White creates pressure on the kingside, castles queenside
and against this logical set up black doesn't have good reply.} Bg6 11. h4 f5 (
11... h5 $6 12. Ng5 Bxg5 13. hxg5 h4 14. Qf3 Re8 15. Rxh4 Nc6 16. O-O-O $16 {
Salmensuu,O-Donchenko,A/3rd Open 2000}) (11... h6) 12. d5 $1 {[%cal Gf3d4,
Gd4e6] Threatening to bring the knight to e6.} c5 (12... fxg4 13. Nd4 Qd7 14.
Ne6 Re8 15. Qxg4 Bf6 16. h5 Bf7 17. Bh3 $36) 13. h5 Be8 14. gxf5 Rxf5 (14...
N8d7 15. Bd3 Nf6 16. Nd2 $16) 15. Nd2 N8d7 16. Bd3 Rf8 17. Qc2 h6 (17... Nf6
18. O-O-O Nbd7 19. Bf5 Ne5 20. Rdg1 a6 21. f4 Ned7 22. Nf3 $16) 18. O-O-O Nf6
$6 {Crucial moment of the game:the move which was played in the game leaves
black with no real counterplay;while after correct} (18... Ne5 {aiming to
bring the knight from b6 to play and to change as many pieces as possible} 19.
Be2 (19. Rdg1 Nxd3+ 20. Qxd3 Kh8 21. Nce4 {[%csl Rg7][%cal Gd3c3]} Nd7 (21...
Bd7 22. Qc3 Bf6 23. Nxf6 Qxf6 24. Qxf6 Rxf6 25. Ne4 $16 {[%csl Rd6]}) 22. f4
Nf6 23. Nxf6 Bxf6 24. Ne4 b5 $132) 19... Bg5 20. Bxg5 Qxg5 21. Nce4 Qe7 $13 {
black manages to get good counterchances.}) 19. Rdg1 Kh8 20. Bf5 Nbd7 21. Be6
Nxh5 (21... Bxh5 22. Qf5) (21... a6 22. Rxg7 $1 Kxg7 23. Rg1+ Kh8 24. Bxh6 Nxh5
25. Bxf8 $18) 22. Qd1 Ndf6 (22... Nhf6 23. Bxh6 gxh6 24. Rxh6+ Nh7 25. Qc2 Ndf6
26. Rgh1 $18) 23. Nde4 Nxe4 (23... b5 24. Nxf6 Bxf6 (24... Nxf6 25. Rxg7 $1
Kxg7 26. Bxh6+ Kg6 27. Qd3+) 25. Rxh5 Bxh5 26. Qxh5 Bxc3 27. Bxh6 $1 $18) 24.
Nxe4 Bh4 25. Qg4 g5 26. Rxh4 (26. Rxh4 gxh4 27. Bxh6 Qe7 28. Bd2 $18 {[%cal
Gd2c3]}) 1-0